¿Costa Rica solidaria? Actitudes hacia la migración y los inmigrantes /
Guardat en:
| Autor principal: | |
|---|---|
| Altres autors: | , |
| Format: | Text |
| Etiquetes: |
Afegir etiqueta
Sense etiquetes, Sigues el primer a etiquetar aquest registre!
|
MARC
| LEADER | 00000 a a2200000 04500 | ||
|---|---|---|---|
| 001 | 41034 | ||
| 003 | |||
| 040 | |||
| 100 | |a Smith Castro, Vanessa | ||
| 245 | |a ¿Costa Rica solidaria? |b Actitudes hacia la migración y los inmigrantes / |c Vanessa Smith Castro; María Araya; Laura Peña | ||
| 700 | |a Araya, María | ||
| 700 | |a Peña, Laura | ||
| 773 | |g número1 (2009), páginas 519-534 | ||
| 999 | |c 22398 |d 22398 | ||
